Revue de science financière

Salvato in:
Dettagli Bibliografici
Natura: Periodico
Lingua:francese
Pubblicazione: Paris Librairie cen de droit et de jurisprudence 1971
Tags: Aggiungi Tag
Nessun Tag, puoi essere il primo ad aggiungerne!!

MARC

LEADER 00000nas2a2200000$$$4500
001 0018538
005 20250730114401.0
041 0 |a fre 
044 |a FR 
245 1 0 |a Revue de science financière 
264 1 |a Paris  |b Librairie cen de droit et de jurisprudence  |c 1971 
300 |a 1 zv. 
773 0 |w eu_un_cat*0018534